000 00478nam a22001217a 4500
999 _c531455
_d531455
082 _a891.77 NIA
100 _aTufail, Amjad
245 _aپاکستانی اَدب کے معمار منیرنیازی: شخصیت اور فن Pakistani Adab kay Mahmaar Muneer Niazi: Shaksiat aur Fun /
_cامجد طفیل Amjad Tufail.
260 _aIslamabad:
_bAcademi Adbiat H81,
_c2006.
300 _a115 p.
_c23cm.
942 _2ddc
_cBK